000 00812nam a2200301Ia 4500
001 25432
003 IT-RoPAU
008 130308s9999 xx 000 0 und d
040 _aIT-RoPAU
040 _cIT-RoPAU
041 _aFRANCESE
100 _aParret Herman
100 _gCodice Aut. SPICS: 12911
245 _aSemantique structurale et semantique generative
245 _bSemantique et Logique
250 _a1a ed.
260 _aPARIS
260 _bDelarge Jean Pierre
260 _c1976 [1° Ed.:1976 - Ed.Ling.Originale:1976]
300 _a"24 p. (prefazione: no ; testo: 24 [pagine: 85-108])"
500 _aSemantica Strutturale e Semantica Generativa
650 _aSEMIOLOGIA
650 _eCodice materia Spics: 3251
942 _cBK
957 _71
999 _c41177
_d41177
999 _bSI
999 _g1